[Event "Muensterland Verbandsliga 1617"]
[Site "Germany"]
[Date "2017.03.18"]
[Round "8.2"]
[White "Jansen, Dirk Norbert"]
[Black "Rosing, Hermann"]
[Result "1/2-1/2"]
[WhiteElo "1931"]
[BlackElo "1972"]
[PlyCount "92"]
[EventDate "2016.09.10"]
[EventType "team"]
[EventRounds "9"]
[EventCountry "GER"]
[SourceTitle "EXT 2018"]
[Source "ChessBase"]
[SourceDate "2017.10.13"]
[SourceVersion "1"]
[SourceVersionDate "2017.10.13"]
[SourceQuality "1"]
[WhiteTeam "Muenster SK IV"]
[BlackTeam "Ahaus Wessum"]
[WhiteTeamCountry "GER"]
[BlackTeamCountry "GER"]

1. c4 f5 2. g3 Nf6 3. Bg2 g6 4. Nc3 Bg7 5. d3 d6 6. e4 Nc6 7. Nge2 0-0 8. 0-0 h6 9. h3 e5 10. Be3 Be6 11. Qd2 Kh7 12. Nd5 Qd7 13. Kh2 a5 14. Rac1 fxe4 15. dxe4 b6 16. b3 Nh5 17. a3 Ne7 18. Nec3 Bxd5 19. cxd5 Nf6 20. Rc2 Rab8 21. Rfc1 Rfc8 22. a4 c5 23. dxc6 Nxc6 24. Nb5 Ne8 25. h4 Nd4 26. Nxd4 exd4 27. Bxd4 Rxc2 28. Rxc2 Qf7 29. Bxg7 Kxg7 30. Bf1 Qxb3 31. Bc4 Qf3 32. Qd5 Nf6 33. Qf7+ Kh8 34. Be6 Ng4+ 35. Kh3 Qxf7 36. Bxf7 Ne5 37. Bd5 b5 38. axb5 Rxb5 39. f4 Nf3 40. Kg4 Nd4 41. Rc7 h5+ 42. Kh3 Rb2 43. Rc8+ Kh7 44. Rc7+ Kh8 45. Rc8+ Kh7 46. Rc7+ Kh8 1/2-1/2

[Event "Muensterland Verbandsliga 1617"]
[Site "Germany"]
[Date "2016.12.17"]
[Round "5.2"]
[White "Rosing, Hermann"]
[Black "Hanewinkel, Winfried"]
[Result "1/2-1/2"]
[WhiteElo "1972"]
[BlackElo "1901"]
[PlyCount "62"]
[EventDate "2016.09.10"]
[EventType "team"]
[EventRounds "9"]
[EventCountry "GER"]
[SourceTitle "EXT 2018"]
[Source "ChessBase"]
[SourceDate "2017.10.13"]
[SourceVersion "1"]
[SourceVersionDate "2017.10.13"]
[SourceQuality "1"]
[WhiteTeam "Ahaus Wessum"]
[BlackTeam "Beelen"]
[WhiteTeamCountry "GER"]
[BlackTeamCountry "GER"]

1. f4 d5 2. Nf3 Nf6 3. e3 Bg4 4. Be2 Bxf3 5. Bxf3 c6 6. d4 e6 7. 0-0 Nbd7 8. b3 Bd6 9. Nc3 Qc7 10. g3 0-0-0 11. Ne2 Ne4 12. c4 f5 13. c5 Be7 14. b4 h5 15. a4 Ndf6 16. Bd2 h4 17. Be1 hxg3 18. Bxg3 Nxg3 19. Nxg3 g5 20. Qd2 gxf4 21. exf4 Rh4 22. Qe3 Ne4 23. Bxe4 dxe4 24. Qb3 Rd5 25. b5 Rxf4 26. Rxf4 Qxf4 27. bxc6 bxc6 28. Rb1 Qc7 29. Qc4 Qa5 30. Qb3 Qc7 31. Qc4 Qa5 1/2-1/2

[Event "Muensterland Verbandsklasse-B 1011"]
[Site "Germany"]
[Date "2010.12.11"]
[Round "4.1"]
[White "Schulze Schwering, Philipp"]
[Black "Rosing, Hermann"]
[Result "1/2-1/2"]
[WhiteElo "1962"]
[BlackElo "1984"]
[PlyCount "47"]
[EventDate "2010.09.18"]
[EventType "team-tourn"]
[EventRounds "9"]
[EventCountry "GER"]
[SourceTitle "EXT 2012"]
[Source "ChessBase"]
[SourceDate "2011.11.24"]
[SourceVersion "1"]
[SourceVersionDate "2011.11.24"]
[SourceQuality "1"]
[WhiteTeam "Borken"]
[BlackTeam "Ahaus Wessum"]
[WhiteTeamCountry "GER"]
[BlackTeamCountry "GER"]

1. d4 Nf6 2. c4 d6 3. Bg5 Nbd7 4. Nc3 c6 5. Nf3 Qc7 6. g3 g6 7. Bg2 Bg7 8. Qd2 0-0 9. Bh6 e5 10. Bxg7 Kxg7 11. 0-0 Re8 12. e4 a6 13. Rad1 Rb8 14. dxe5 dxe5 15. b4 Nf8 16. Qd6 Qxd6 17. Rxd6 Bg4 18. h3 Bxf3 19. Bxf3 Ne6 20. Rd2 Rbd8 21. Rfd1 Rd4 22. Rxd4 Nxd4 23. Bg2 Re7 24. Kf1 1/2-1/2

[Event "Muensterland Verbandsliga 0910"]
[Site "Germany"]
[Date "2009.10.31"]
[Round "2.3"]
[White "Rosing, Hermann"]
[Black "Liesmann, Karsten"]
[Result "1-0"]
[WhiteElo "1964"]
[BlackElo "1959"]
[PlyCount "141"]
[EventDate "2009.09.26"]
[EventType "team-tourn"]
[EventRounds "9"]
[EventCountry "GER"]
[SourceTitle "EXT 2011"]
[Source "ChessBase"]
[SourceDate "2010.11.26"]
[SourceVersion "1"]
[SourceVersionDate "2010.11.26"]
[SourceQuality "1"]
[WhiteTeam "Ahaus Wessum"]
[BlackTeam "Bocholt"]
[WhiteTeamCountry "GER"]
[BlackTeamCountry "GER"]

1. d4 Nf6 2. Nf3 c5 3. d5 b5 4. c4 g6 5. cxb5 a6 6. b6 Bg7 7. Nc3 0-0 8. e4 d6 9. Be2 Nbd7 10. 0-0 Nxb6 11. a4 a5 12. Bg5 Bb7 13. Qc2 Nbd7 14. Nd2 Nb8 15. Qb3 Qc7 16. Nb5 Qd7 17. Bf3 Na6 18. Nc4 Qd8 19. Rfd1 Nb4 20. Rac1 h6 21. Be3 Nd7 22. Bf4 Kh7 23. h4 Nb6 24. Ne3 Nd7 25. Nc4 Nb6 26. Ne3 Nd7 27. h5 Ne5 28. Bxe5 Bxe5 29. Nc4 Bg7 30. Qe3 Bf6 31. Qe2 Bg5 32. Rb1 Ra6 33. Re1 Bc8 34. Rbd1 Bd7 35. e5 dxe5 36. Nxe5 Rf6 37. Nc6 Bxc6 38. dxc6 Qc8 39. c7 Rf4 40. Qe5 Rf5 41. Qe4 Na6 42. Qb7 Rxf3 43. Qxf3 Nxc7 44. Nc3 Bf6 45. Qc6 Na8 46. Qd7 Qxd7 47. Rxd7 Nb6 48. Rb7 Bxc3 49. bxc3 Nxa4 50. c4 Nc3 51. Rexe7 Kg7 52. hxg6 Kxg6 53. Ra7 Kf6 54. Rec7 a4 55. Rxc5 Ke6 56. Rh5 f5 57. Ra5 Rf6 58. Rh3 Ne2+ 59. Kf1 Nf4 60. Re3+ Kf7 61. Ra7+ Kg6 62. g3 Nh5 63. Rxa4 f4 64. gxf4 Nxf4 65. c5 Nd5 66. Rd3 Ne7 67. Rd6 Rxd6 68. cxd6 Nc6 69. d7 Kf7 70. Re4 Nd8 71. Re8 1-0